ბათუმის შოთა რუსთაველის სახელმწიფო უნივერსიტეტის ბიბლიოთეკა

მწვანე სამკაული : (ბიბ.ჩანაწერი № 56117)

000 -ლიდერი
ფიქსირებული სიგრძის საკონტროლო ველი 01399nam a2200289Ia 4500
001 - საკონტროლო ნომერი
საკონტროლო ველი 23218
003 - საკონტროლო ნომრის იდენტიფიკატორი
საკონტროლო ველი GE_BSU
005 - ბოლო ოპერაციის თარიღი და დრო
საკონტროლო ველი 20230725162058.0
008 - ფიქსირებული სიგრძის მონაცემთა ელემენტები - ზოგადი ინფორმაცია
ფიქსირებული სიგრძის საკონტროლო ველი 181216s2018||||ge |||||||||||||| ||geo||
020 ## - წიგნის საერთაშორისო სტანდარტული ნომერი
International Standard Book Number 9789941462757
040 ## - კატალოგიზაციის წყარო
Transcribing agency GE_BSU
041 ## - ენის კოდი
Language code of text/sound track or separate title geo
080 ## - უნივერსალური ათობითი კლასიფიკაციის ინდექსი
Universal Decimal Classification number 581.5(479.223) დ-15
100 ## - მთავარი ჩანაწერი - პიროვნების სახელი
Personal name დავითაძე, მურმან-მირიან
9 (RLIN) 19542
245 ## - ცნობა სათაურის შესახებ
Title მწვანე სამკაული :
Remainder of title ეკოლოგიურ-პუბლიცისტური ნარკვევები, სტატიები, წერილები /
Statement of responsibility, etc მურმან-მირიან დავითაძე ; რედ. რ. დავითაძე.
264 ## - წარმოების, გამოცემის, დისტრიბუციის და სხვა ცნობები
გამოცემის, წარმოების, დისტრიბუციის... ადგილი ბათუმი :
გამოცემის, წარმოების, დისტრიბუციის... სახელწოდება ბათუმის შოთა რუსთაველის სახ. უნ-ტი,
გამოცემის, წარმოების, დისტრიბუციის... თარიღი 2018.
300 ## - ფიზიკური აღწერა
Extent 235 გვ. ;
Other physical details ილ.
Dimensions 20 სმ.
653 ## - INDEX TERM--UNCONTROLLED
Uncontrolled term ეკოლოგიურ-პუბლიცისტური ნარკვევები
653 ## - INDEX TERM--UNCONTROLLED
Uncontrolled term სტატიები
653 ## - INDEX TERM--UNCONTROLLED
Uncontrolled term წერილები
653 ## - INDEX TERM--UNCONTROLLED
Uncontrolled term მწვანე სამკაული
653 ## - INDEX TERM--UNCONTROLLED
Uncontrolled term ფლორა
653 ## - INDEX TERM--UNCONTROLLED
Uncontrolled term კოლხეთის მცენარეული სამყარო
700 ## - ADDED ENTRY--PERSONAL NAME
Personal name დავითაძე, რ.
Relator term რედაქტორი
9 (RLIN) 19543
942 ## - ADDED ENTRY ELEMENTS (KOHA)
Koha item type წიგნი
Source of classification or shelving scheme
ეგზემპლარები
ჩამოწერის სტატუსი დაკარგული ეგზემპლარის სტატუსი კლასიფიკაციის წყარო ან თაროზე გაწყობის სქემა დაზიანების სტატუსი არ გაიცემა მუდმივი მდებარეობა (დაცვის ადგილი) ამჟამინდელი ადგილსამყოფელი შეძენის თარიღი ღირებულება, შესყიდვის ნორმალური ფასი სრული შენახვის შიფრი შტრიხკოდი ბოლო ოპერაციის თარიღი ეგზემპლარის მიმდევრობითი ნომერი (კეტერი?) ფასის ძალაში შესვლის თარიღი ეგზემპლარის სახეობა საჯარო შენიშვნა თაროზე განთავსების ადგილი Uniform Resource Identifier
          აგრარული და მემბრანული ტექნოლოგიების ინსტიტუტის ბიბლიოთეკა აგრარული და მემბრანული ტექნოლოგიების ინსტიტუტის ბიბლიოთეკა 2025-04-23 12.00 581.5(479.223) დ-15 71202 2025-04-23 71202 2025-04-23 წიგნი 12.00 წიგნსაცავი ნაჩუქარი
          ბათუმის შოთა რუსთაველის სახელმწიფო უნივერსიტეტის მთავარი ბიბლიოთეკა ბათუმის შოთა რუსთაველის სახელმწიფო უნივერსიტეტის მთავარი ბიბლიოთეკა 2018-12-17 11.81 581.5(479.223) დ-15 58682 2018-12-17 58682 2018-12-17 წიგნი 11.80 ₾.    
          ბათუმის შოთა რუსთაველის სახელმწიფო უნივერსიტეტის მთავარი ბიბლიოთეკა ბათუმის შოთა რუსთაველის სახელმწიფო უნივერსიტეტის მთავარი ბიბლიოთეკა 2018-12-17 11.81 581.5(479.223) დ-15 58683 2018-12-17 58683 2018-12-17 წიგნი 11.81 ₾. წიგნსაცავი  
          ბათუმის შოთა რუსთაველის სახელმწიფო უნივერსიტეტის მთავარი ბიბლიოთეკა ბათუმის შოთა რუსთაველის სახელმწიფო უნივერსიტეტის მთავარი ბიბლიოთეკა 2018-12-17 11.81 581.5(479.223) დ-15 58684 2018-12-17 587684 2018-12-17 წიგნი 11.81 ₾. წიგნსაცავი  
          ბათუმის შოთა რუსთაველის სახელმწიფო უნივერსიტეტის მთავარი ბიბლიოთეკა ბათუმის შოთა რუსთაველის სახელმწიფო უნივერსიტეტის მთავარი ბიბლიოთეკა 2018-12-17 11.81 581.5(479.223) დ-15 58685 2018-12-17 58685 2018-12-17 წიგნი 11.81 ₾. წიგნსაცავი